[Event "Saint Louis Cairns Cup (Women) 5th"]
[Site "Saint Louis"]
[Date "2025.06.11"]
[Round "2"]
[White "Batsiashvili, Nino"]
[Black "Harika, Dronavalli"]
[Result "1/2-1/2"]
[WhiteElo "2462"]
[BlackElo "2483"]
[PlyCount "108"]
[EventDate "2025.06.10"]
[EventType "tourn"]
[EventRounds "9"]
[EventCountry "USA"]
[EventCategory "10"]
[SourceTitle "CB26_2025"]
[SourceDate "2025.06.25"]
[SourceVersion "1"]
[SourceVersionDate "2025.06.25"]
[SourceQuality "1"]

1. d4 d5 2. c4 e6 3. Nc3 Nf6 4. cxd5 exd5 5. Bg5 Be6 6. e3 Nbd7 7. Bd3 c6 8. h3 Be7 9. Nf3 0-0 10. 0-0 Ne8 11. Bf4 Nd6 12. Qc2 g6 13. Rac1 Rc8 14. Na4 Bf5 15. Bxd6 Bxd3 16. Bxe7 Bxc2 17. Bxd8 Bxa4 18. Bh4 Bb5 19. Rfe1 Rfe8 20. Rc3 Re6 21. Nd2 h6 22. f3 Rce8 23. Bf2 f5 24. a4 Bxa4 25. Ra1 Nb6 26. Nb3 R6e7 27. Nc5 Bb5 28. Rxa7 Nc4 29. Rxb7 Nxb2 30. Rxe7 Rxe7 31. Ra3 Kf7 32. Ra1 Nd3 33. Nxd3 Bxd3 34. Ra3 Bc4 35. Bg3 g5 36. Be5 Rb7 37. Ra8 Rb1+ 38. Kh2 Rb2 39. Rh8 Bf1 40. Rxh6 Bxg2 41. Rf6+ Ke8 42. Rxf5 Bxf3+ 43. Kg3 Be4 44. Rxg5 Rg2+ 45. Kh4 Rxg5 46. Kxg5 Kf7 47. h4 Kg8 48. h5 Kf7 49. h6 Ke6 50. Kf4 Bh7 51. Bg7 Be4 52. Be5 Bh7 53. Bg7 Be4 54. Be5 Bh7 1/2-1/2

[Event "FRA-chT Top 12 (Women) GpA"]
[Site "Paris"]
[Date "2025.05.09"]
[Round "2.9"]
[White "Batsiashvili, Nino"]
[Black "Cramling, Pia"]
[Result "1/2-1/2"]
[WhiteElo "2455"]
[BlackElo "2401"]
[PlyCount "71"]
[EventDate "2025.05.08"]
[EventType "team-tourn"]
[EventRounds "5"]
[EventCountry "FRA"]
[SourceTitle "CB20_2025"]
[SourceDate "2025.05.14"]
[SourceVersion "1"]
[SourceVersionDate "2025.05.14"]
[SourceQuality "1"]
[WhiteTeam "Juvisy (W)"]
[BlackTeam "Monaco (W)"]
[WhiteTeamCountry "FRA"]
[BlackTeamCountry "MNC"]

1. c4 c5 2. Nf3 Nf6 3. Nc3 Nc6 4. d4 cxd4 5. Nxd4 e6 6. g3 Bc5 7. Nb3 Bb4 8. Bg2 d5 9. cxd5 Nxd5 10. a3 Bxc3+ 11. bxc3 0-0 12. 0-0 Qc7 13. c4 Nde7 14. Bb2 Rd8 15. Qc2 e5 16. Be4 h6 17. Rfd1 Bh3 18. Qc3 Rxd1+ 19. Rxd1 Rd8 20. Rxd8+ Qxd8 21. Qd3 Qxd3 22. exd3 Bf5 23. f3 Bxe4 24. fxe4 f6 25. Kf2 h5 26. a4 Kf7 27. a5 Ng6 28. Bc3 Nf8 29. Nc5 Nd8 30. a6 b6 31. Nb7 Nc6 32. Nd6+ Ke6 33. Ne8 Kf7 34. Nd6+ Ke6 35. Ne8 Kf7 36. Nd6+ 1/2-1/2

[Event "Asnieres sur Seine Trophy Dalkia"]
[Site "Asnieres sur Seine"]
[Date "2025.04.24"]
[Round "9"]
[White "Fromm, Marius"]
[Black "Batsiashvili, Nino"]
[Result "0-1"]
[WhiteElo "2436"]
[BlackElo "2473"]
[PlyCount "84"]
[EventDate "2025.04.18"]
[EventType "tourn"]
[EventRounds "9"]
[EventCountry "FRA"]
[EventCategory "9"]
[SourceTitle "CB18_2025"]
[SourceDate "2025.04.30"]
[SourceVersion "1"]
[SourceVersionDate "2025.04.30"]
[SourceQuality "1"]

1. e4 c6 2. Nc3 d5 3. Nf3 Bg4 4. h3 Bxf3 5. Qxf3 e6 6. Be2 d4 7. Nb1 Ne7 8. d3 Ng6 9. g3 h5 10. h4 a5 11. Nd2 a4 12. a3 Be7 13. Bf1 c5 14. Qe2 Nc6 15. Bh3 Qc7 16. Nf3 Nge5 17. Nxe5 Nxe5 18. f4 Nd7 19. 0-0 Ra6 20. Bd2 g6 21. c4 Qb8 22. b4 axb3 23. Rfb1 Nb6 24. Rxb3 Na4 25. Rab1 b6 26. Qf3 Qc7 27. Kh2 f5 28. Re1 Rh6 29. Bg2 Kf8 30. Qe2 Ra7 31. exf5 gxf5 32. Bf3 Qd6 33. Kh3 Bd8 34. Rh1 Rg7 35. Qe5 Qc7 36. Rbb1 Rhg6 37. Rbg1 Qe7 38. Qe1 Nb2 39. Be2 Qb7 40. Bc1 Nxd3 41. Qf1 Nxc1 42. Qxc1 Qxh1+ 0-1

[Event "Asnieres sur Seine Trophy Dalkia"]
[Site "Asnieres sur Seine"]
[Date "2025.04.22"]
[Round "7"]
[White "Materia, Marco"]
[Black "Batsiashvili, Nino"]
[Result "1-0"]
[WhiteElo "2474"]
[BlackElo "2473"]
[PlyCount "111"]
[EventDate "2025.04.18"]
[EventType "tourn"]
[EventRounds "9"]
[EventCountry "FRA"]
[EventCategory "9"]
[SourceTitle "CB18_2025"]
[SourceDate "2025.04.30"]
[SourceVersion "1"]
[SourceVersionDate "2025.04.30"]
[SourceQuality "1"]

1. d4 Nf6 2. c4 e6 3. Nc3 Bb4 4. e3 0-0 5. Bd3 d5 6. a3 dxc4 7. Bxc4 Be7 8. Nf3 c5 9. Qe2 cxd4 10. exd4 Nc6 11. Be3 a6 12. a4 Nb4 13. Ne5 Bd7 14. 0-0 Rc8 15. Rfd1 Bc6 16. Nxc6 Rxc6 17. Bf4 Nbd5 18. Nxd5 Nxd5 19. Be5 f6 20. Bg3 Qd7 21. Bb3 Rfc8 22. a5 b5 23. axb6 Rxb6 24. Bc4 Bd6 25. Rxa6 Rxa6 26. Bxa6 Rb8 27. Bc4 Bxg3 28. hxg3 Rb6 29. Ra1 g6 30. b3 Kg7 31. Qa2 Ne7 32. Qa3 Kf7 33. Qc5 Rc6 34. Ra7 Qd6 35. Qb5 Kf8 36. Qb7 Rb6 37. Qa8+ Rb8 38. Ra6 Rxa8 39. Rxd6 Nf5 40. Rxe6 Kg7 41. d5 Ra1+ 42. Kh2 h5 43. b4 Nh6 44. f3 Nf7 45. d6 Ne5 46. Bb3 Ra3 47. Bd5 Rd3 48. Be4 Rd2 49. b5 Nc4 50. Re7+ Kf8 51. Rc7 Nxd6 52. b6 f5 53. b7 Rb2 54. Bd5 Nxb7 55. Rf7+ Ke8 56. Rxb7 1-0

[Event "Asnieres sur Seine Trophy Dalkia"]
[Site "Asnieres sur Seine"]
[Date "2025.04.21"]
[Round "5"]
[White "Batsiashvili, Nino"]
[Black "Grieve, Harry"]
[Result "1-0"]
[WhiteElo "2473"]
[BlackElo "2472"]
[PlyCount "127"]
[EventDate "2025.04.18"]
[EventType "tourn"]
[EventRounds "9"]
[EventCountry "FRA"]
[EventCategory "9"]
[SourceTitle "CB18_2025"]
[SourceDate "2025.04.30"]
[SourceVersion "1"]
[SourceVersionDate "2025.04.30"]
[SourceQuality "1"]

1. d4 d5 2. c4 e6 3. Nc3 Nf6 4. Nf3 Be7 5. Bf4 0-0 6. e3 b6 7. Bd3 Ba6 8. cxd5 Nxd5 9. Nxd5 Qxd5 10. 0-0 Rc8 11. Re1 Bxd3 12. Qxd3 Nd7 13. e4 Qb7 14. Rad1 Rd8 15. Qc4 c6 16. h4 Rac8 17. Bg5 Nf6 18. b4 h6 19. Bxf6 Bxf6 20. Rc1 Qa8 21. Re2 a5 22. a3 axb4 23. axb4 b5 24. Qc5 Rd7 25. Rec2 Qa3 26. Qc3 Qa7 27. Rd2 g6 28. Qe3 Bg7 29. d5 Qxe3 30. fxe3 exd5 31. exd5 Rdd8 32. Rxc6 Ra8 33. Rc5 Ra4 34. Rxb5 Bc3 35. Rd1 Bxb4 36. e4 Bc3 37. e5 g5 38. hxg5 hxg5 39. Rc5 Ba1 40. Rcc1 g4 41. Rxa1 Rxa1 42. Rxa1 gxf3 43. d6 Kg7 44. gxf3 Kg6 45. Re1 Kf5 46. Kf2 Ra8 47. Re3 Ra2+ 48. Kg3 Rd2 49. f4 Rd4 50. Rf3 f6 51. Re3 fxe5 52. fxe5 Ke6 53. Kf3 Rd1 54. Ke2 Rh1 55. Kd3 Ra1 56. Kc4 Ra5 57. Rd3 Ra8 58. Kc5 Kd7 59. Kd5 Ra5+ 60. Ke4 Ra8 61. Rh3 Ra7 62. Rh7+ Ke6 63. Rh6+ Kd7 64. Kf5 1-0

[Event "Asnieres sur Seine Trophy Dalkia"]
[Site "Asnieres sur Seine"]
[Date "2025.04.19"]
[Round "2"]
[White "Goldsztejn, Gildas"]
[Black "Batsiashvili, Nino"]
[Result "1/2-1/2"]
[WhiteElo "2419"]
[BlackElo "2473"]
[PlyCount "143"]
[EventDate "2025.04.18"]
[EventType "tourn"]
[EventRounds "9"]
[EventCountry "FRA"]
[EventCategory "9"]
[SourceTitle "CB18_2025"]
[SourceDate "2025.04.30"]
[SourceVersion "1"]
[SourceVersionDate "2025.04.30"]
[SourceQuality "1"]

1. e4 c5 2. Nf3 Nc6 3. d4 cxd4 4. Nxd4 Nf6 5. Nc3 e5 6. Ndb5 d6 7. Bg5 a6 8. Na3 b5 9. Nab1 Be7 10. Bxf6 Bxf6 11. a4 bxa4 12. Rxa4 0-0 13. Bc4 Bg5 14. 0-0 Kh8 15. Qd3 Rb8 16. b3 Nb4 17. Qe2 Bd7 18. Ra1 f5 19. Nd5 a5 20. exf5 Bxf5 21. c3 Bd3 22. Bxd3 Nxd5 23. g3 Nf6 24. Bc2 Qd7 25. Rxa5 Qh3 26. Ra4 Rbe8 27. Qf3 d5 28. Bf5 e4 29. Bxh3 exf3 30. Rd4 Re2 31. Rd3 Ne4 32. Bg4 Rb2 33. Rxf3 Ra8 34. Be6 Nf6 35. h4 Bh6 36. g4 Ra1 37. g5 Rbxb1 38. Rxb1 Rxb1+ 39. Kg2 Rxb3 40. gxf6 gxf6 41. Bxd5 Ra3 42. Rg3 Bg7 43. h5 h6 44. c4 Rxg3+ 45. Kxg3 Bf8 46. Kf4 Bc5 47. f3 Kg7 48. Kf5 Ba3 49. Ke6 Bb4 50. Be4 Ba3 51. Bc2 Bb4 52. Ba4 Ba3 53. Kd5 Kf7 54. c5 Ke7 55. c6 Bd6 56. Ke4 Bc7 57. Kf5 Bg3 58. Bc2 Kd6 59. Be4 Bh4 60. Kg6 Bg5 61. Kg7 Kc7 62. Kf7 Kd6 63. Ke8 Kc7 64. Bd5 Kd6 65. Kf7 Bf4 66. Kxf6 Kxd5 67. Kf5 Bc7 68. Kg6 Kxc6 69. Kxh6 Kd5 70. Kg6 Ke5 71. h6 Kf4 72. h7 1/2-1/2

[Event "EU-ch (Women) 25th"]
[Site "Rhodes"]
[Date "2025.04.07"]
[Round "7"]
[White "Batsiashvili, Nino"]
[Black "Toncheva, Nadya"]
[Result "1-0"]
[WhiteElo "2473"]
[BlackElo "2318"]
[PlyCount "55"]
[EventDate "2025.03.31"]
[EventType "swiss"]
[EventRounds "11"]
[EventCountry "GRE"]
[SourceTitle "CB16_2025"]
[SourceDate "2025.04.16"]
[SourceVersion "1"]
[SourceVersionDate "2025.04.16"]
[SourceQuality "1"]

1. d4 d5 2. c4 c6 3. cxd5 cxd5 4. Bf4 Nc6 5. e3 e6 6. Nc3 Nf6 7. Bd3 Bd6 8. Bxd6 Qxd6 9. f4 0-0 10. Nf3 b6 11. 0-0 Bb7 12. Ne5 Nb4 13. Rc1 Nxd3 14. Qxd3 Qb4 15. Rf2 Ne4 16. Rfc2 Rac8 17. a3 Qe7 18. Nxe4 dxe4 19. Qb5 Rxc2 20. Rxc2 g6 21. Qd7 Qh4 22. Rc1 Bd5 23. Qxa7 Kg7 24. Qc7 b5 25. Nd7 Rd8 26. g3 Qe7 27. Qe5+ f6 28. Nxf6 1-0

[Event "EU-ch (Women) 25th"]
[Site "Rhodes"]
[Date "2025.04.05"]
[Round "6"]
[White "Mammadova, Gulnar Marfat Qizi"]
[Black "Batsiashvili, Nino"]
[Result "1/2-1/2"]
[WhiteElo "2342"]
[BlackElo "2473"]
[PlyCount "35"]
[EventDate "2025.03.31"]
[EventType "swiss"]
[EventRounds "11"]
[EventCountry "GRE"]
[SourceTitle "CB16_2025"]
[SourceDate "2025.04.16"]
[SourceVersion "1"]
[SourceVersionDate "2025.04.16"]
[SourceQuality "1"]

1. e4 c5 2. Nf3 Nc6 3. Bb5 g6 4. 0-0 Bg7 5. d3 d6 6. Bxc6+ bxc6 7. e5 Bg4 8. exd6 exd6 9. Nbd2 Ne7 10. h3 Bxf3 11. Nxf3 0-0 12. c3 Rb8 13. Qc2 Re8 14. Re1 Nd5 15. Bd2 Rxe1+ 16. Rxe1 Qd7 17. Bc1 h6 18. Qa4 1/2-1/2

[Event "EU-ch (Women) 25th"]
[Site "Rhodes"]
[Date "2025.03.31"]
[Round "1"]
[White "Batsiashvili, Nino"]
[Black "Schloffer, Jasmin Denise"]
[Result "1-0"]
[WhiteElo "2473"]
[BlackElo "2188"]
[PlyCount "89"]
[EventDate "2025.03.31"]
[EventType "swiss"]
[EventRounds "11"]
[EventCountry "GRE"]
[SourceTitle "CB16_2025"]
[SourceDate "2025.04.16"]
[SourceVersion "1"]
[SourceVersionDate "2025.04.16"]
[SourceQuality "1"]

1. c4 Nf6 2. Nc3 e6 3. e4 d5 4. cxd5 exd5 5. e5 Ne4 6. Nf3 Bf5 7. d3 Nxc3 8. bxc3 c5 9. d4 Nc6 10. Bd3 Bg4 11. 0-0 Be7 12. Be3 0-0 13. Qb1 Qd7 14. Bxh7+ Kh8 15. Bd3 f5 16. Ng5 f4 17. e6 Bxe6 18. Nxe6 Qxe6 19. Bd2 cxd4 20. Re1 Qf6 21. cxd4 Rab8 22. Bc3 Qg5 23. Qd1 Bf6 24. Bf1 b5 25. Rc1 a6 26. Qd3 Kg8 27. Be2 Rfe8 28. Bf3 Ne7 29. Re6 b4 30. Bd2 a5 31. h3 Red8 32. Bg4 Ng6 33. Ra6 Ra8 34. Rxa8 Rxa8 35. Rc5 Ne7 36. g3 Qh6 37. Bxf4 Bg5 38. Bxg5 Qxg5 39. Be6+ Kh8 40. Qf3 a4 41. Bxd5 Nxd5 42. Rxd5 Qc1+ 43. Kg2 Rc8 44. Rh5+ Kg8 45. Qd5+ 1-0

[Event "EU-ch rapid (Women)"]
[Site "Monaco"]
[Date "2025.01.12"]
[Round "10"]
[White "Osmak, Iulija"]
[Black "Batsiashvili, Nino"]
[Result "1/2-1/2"]
[WhiteElo "2463"]
[BlackElo "2476"]
[PlyCount "117"]
[EventDate "2025.01.11"]
[EventType "swiss (rapid)"]
[EventRounds "11"]
[EventCountry "MNC"]
[SourceTitle "CB03_2025"]
[SourceDate "2025.01.15"]
[SourceVersion "1"]
[SourceVersionDate "2025.01.15"]
[SourceQuality "1"]

1. e4 e5 2. Nf3 Nc6 3. Nc3 Nf6 4. Bb5 Bd6 5. d3 0-0 6. a3 Nd4 7. Bc4 c6 8. Nxd4 exd4 9. Ne2 Bc7 10. 0-0 d5 11. exd5 Ng4 12. Bf4 cxd5 13. Bb3 Bxf4 14. Nxf4 Qd6 15. Qf3 g5 16. h3 Qxf4 17. Qxf4 gxf4 18. hxg4 Bxg4 19. Bxd5 Rac8 20. Rac1 Rc5 21. Bxb7 Rb8 22. Ba6 Rxb2 23. Bc4 Be6 24. Bxe6 fxe6 25. Rfe1 e5 26. Rb1 Rxb1 27. Rxb1 Rxc2 28. Rb5 Rc3 29. Rxe5 Rxa3 30. Rf5 Rxd3 31. Rxf4 Rd1+ 32. Kh2 a5 33. Rf5 Ra1 34. Rd5 Ra4 35. Rd7 Rb4 36. Kg3 a4 37. Kf3 a3 38. Ra7 Rb3+ 39. Ke4 d3 40. Ke3 h5 41. g3 Kf8 42. Kd2 Ke8 43. f4 Kf8 44. f5 Kg8 45. f6 Kf8 46. Ra5 Kf7 47. Rxh5 Kxf6 48. Ra5 Ke6 49. g4 Kf6 50. Ke3 Kg6 51. Kd2 Kf6 52. Ke3 Ke6 53. g5 Kf7 54. Ra6 Kg7 55. Kd2 Rb2+ 56. Kxd3 Rg2 57. Kc3 a2 58. Kb3 Rxg5 59. Rxa2 1/2-1/2

[Event "EU-ch blitz (Women)"]
[Site "Monaco"]
[Date "2025.01.10"]
[Round "12"]
[White "Kosteniuk, Alexandra"]
[Black "Batsiashvili, Nino"]
[Result "1-0"]
[WhiteElo "2484"]
[BlackElo "2476"]
[PlyCount "119"]
[EventDate "2025.01.10"]
[EventType "swiss (blitz)"]
[EventRounds "13"]
[EventCountry "MNC"]
[SourceTitle "CB03_2025"]
[SourceDate "2025.01.15"]
[SourceVersion "1"]
[SourceVersionDate "2025.01.15"]
[SourceQuality "1"]

1. e4 d6 2. d4 Nf6 3. Nc3 e5 4. Nge2 Be7 5. h3 0-0 6. g4 exd4 7. Nxd4 Nc6 8. Bg2 Nxd4 9. Qxd4 Nd7 10. 0-0 Bf6 11. Qe3 c6 12. g5 Bxc3 13. Qxc3 Qe7 14. Qg3 Re8 15. Bf4 Ne5 16. Rad1 Bd7 17. b3 Rad8 18. Be3 c5 19. f4 Nc6 20. c3 f6 21. gxf6 Qxf6 22. f5 Bc8 23. Bg5 Qe5 24. Qxe5 Nxe5 25. Bxd8 Rxd8 26. Rd5 Kf7 27. Rfd1 Ke7 28. Kf2 b6 29. Ke3 Bb7 30. R5d2 a5 31. Bf1 Bc6 32. Bc4 b5 33. Bd5 Be8 34. Rf2 Kf6 35. a3 Bh5 36. Rg1 Rd7 37. b4 axb4 38. axb4 Rc7 39. bxc5 Rxc5 40. Rc2 b4 41. Rgc1 bxc3 42. Rxc3 Ra5 43. Rb1 Ra6 44. Rb7 h6 45. Bb3 g6 46. fxg6 Bxg6 47. Bd5 Bh5 48. Rc1 Bg6 49. Rf1+ Kg5 50. Bb3 Ra3 51. Kd4 Ra5 52. Rb6 Ra3 53. Bc2 Nf3+ 54. Kd5 Bh5 55. Kxd6 Rc3 56. Bb1 Re3 57. Rb5+ Kf4 58. Rxh5 Rb3 59. Rf5+ Kg3 60. R5xf3+ 1-0

[Event "Wch Blitz (Women)"]
[Site "New York"]
[Date "2024.12.30"]
[Round "5"]
[White "Batsiashvili, Nino"]
[Black "Serikbay, Assel"]
[Result "1-0"]
[WhiteElo "2476"]
[BlackElo "2236"]
[PlyCount "97"]
[EventDate "2024.12.30"]
[EventType "swiss (blitz)"]
[EventRounds "11"]
[EventCountry "USA"]
[SourceTitle "CB01_2025"]
[SourceDate "2025.01.01"]
[SourceVersion "1"]
[SourceVersionDate "2025.01.01"]
[SourceQuality "1"]

1. d4 Nf6 2. c4 e6 3. Nc3 Bb4 4. Nf3 0-0 5. Bg5 d5 6. e3 h6 7. Bh4 Nbd7 8. cxd5 exd5 9. Bd3 c5 10. 0-0 Bxc3 11. bxc3 Qb6 12. Rb1 Qa5 13. Qc2 c4 14. Bf5 Re8 15. a4 a6 16. Rb4 Ne4 17. Bxe4 Rxe4 18. Rfb1 Nf8 19. Bg3 g6 20. Nd2 Re8 21. e4 dxe4 22. Nxc4 Qd8 23. Nb6 Bf5 24. Qd2 e3 25. fxe3 Bxb1 26. Rxb1 Ra7 27. c4 Nd7 28. Nd5 Nf6 29. Bc7 Ne4 30. Qc2 Qg5 31. Bf4 Qf5 32. Rf1 Qc8 33. Bxh6 Kh7 34. Bf4 b5 35. c5 Qc6 36. Nb4 Qe6 37. axb5 axb5 38. c6 Nf6 39. Qc5 Ra4 40. d5 Qe4 41. c7 Qxb4 42. Qc6 Rc8 43. Qxf6 Qe4 44. Qxf7+ Kh8 45. Qf6+ Kg8 46. Qg5 Qf5 47. Qd8+ Kh7 48. Qe7+ Kg8 49. Be5 1-0

[Event "Wch Rapid (Women)"]
[Site "New York"]
[Date "2024.12.27"]
[Round "8"]
[White "Batsiashvili, Nino"]
[Black "Koneru, Humpy"]
[Result "0-1"]
[WhiteElo "2333"]
[BlackElo "2431"]
[PlyCount "86"]
[EventDate "2024.12.26"]
[EventType "swiss (rapid)"]
[EventRounds "11"]
[EventCountry "USA"]
[SourceTitle "CB01_2025"]
[SourceDate "2025.01.01"]
[SourceVersion "1"]
[SourceVersionDate "2025.01.01"]
[SourceQuality "1"]

1. d4 Nf6 2. c4 e6 3. Nc3 Bb4 4. Nf3 b6 5. e3 Bb7 6. Bd3 0-0 7. 0-0 d5 8. cxd5 exd5 9. Ne5 Re8 10. Bd2 Bd6 11. f4 c5 12. Be1 a6 13. Qf3 cxd4 14. exd4 Nc6 15. Bf2 Bb4 16. Rad1 b5 17. Ne2 Ne4 18. a3 Bf8 19. Ng3 Na5 20. Rfe1 f6 21. Ng4 Nc4 22. Re2 Qd7 23. f5 Qf7 24. Ne3 Ncd6 25. Bb1 Nxg3 26. Bxg3 Ne4 27. Ba2 Rad8 28. Bf4 Bd6 29. Rde1 Bxf4 30. Qxf4 Nd6 31. Qf3 Nc4 32. Nxc4 Rxe2 33. Qxe2 dxc4 34. Qf2 Qd5 35. b3 cxb3 36. Bb1 Qxd4 37. Re8+ Kf7 38. Rxd8 Qxd8 39. Qc5 Qd1+ 40. Kf2 Qd2+ 41. Kg3 Qxg2+ 42. Kh4 Qxh2+ 43. Kg4 h5# 0-1

[Event "Wch Rapid (Women)"]
[Site "New York"]
[Date "2024.12.26"]
[Round "3"]
[White "Batsiashvili, Nino"]
[Black "Mamedjarova, Turkan"]
[Result "1-0"]
[WhiteElo "2333"]
[BlackElo "2109"]
[PlyCount "95"]
[EventDate "2024.12.26"]
[EventType "swiss (rapid)"]
[EventRounds "11"]
[EventCountry "USA"]
[SourceTitle "CB01_2025"]
[SourceDate "2025.01.01"]
[SourceVersion "1"]
[SourceVersionDate "2025.01.01"]
[SourceQuality "1"]

1. d4 d5 2. c4 e6 3. Nc3 Nf6 4. Nf3 c6 5. cxd5 exd5 6. Bf4 Bb4 7. Qc2 Qa5 8. Nd2 0-0 9. e3 Re8 10. Bd3 Nbd7 11. 0-0 Nf8 12. a3 Bxc3 13. bxc3 Ng6 14. Bg5 Ne4 15. Bxe4 dxe4 16. Bf4 Nxf4 17. exf4 Bf5 18. Nc4 Qc7 19. g3 h5 20. Ne3 Bg4 21. c4 Bf3 22. d5 Rad8 23. Qb3 c5 24. Rfb1 b6 25. a4 Rd6 26. a5 h4 27. axb6 axb6 28. Ra6 hxg3 29. fxg3 Rb8 30. Qa2 Rg6 31. Kf2 Qc8 32. Ke1 Rh6 33. Ra7 Qh3 34. Rb2 Rg6 35. Ra8 Rxa8 36. Qxa8+ Kh7 37. Qd8 Bh5 38. Qh4 Qxh4 39. gxh4 Rf6 40. f5 g6 41. fxg6+ Kxg6 42. Rg2+ Kh7 43. Rg5 Bf3 44. Nf5 Bg4 45. Rg7+ Kh8 46. Rxg4 Rxf5 47. Rxe4 b5 48. d6 1-0

[Event "Swiss Queens Wed #45"]
[Site "FIDE Online Arena INT"]
[Date "2024.12.04"]
[Round "8"]
[White "Batsiashvili, Nino"]
[Black "Girya, Olga"]
[Result "1-0"]
[WhiteElo "2476"]
[BlackElo "2398"]
[PlyCount "123"]
[EventDate "2024.12.04"]
[EventType "swiss (blitz)"]
[EventRounds "11"]
[EventCountry "NET"]
[SourceTitle "CB50_2024"]
[SourceDate "2024.11.01"]
[SourceVersion "1"]
[SourceVersionDate "2024.11.01"]
[SourceQuality "2"]

1. e4 e5 2. Nf3 Nc6 3. Bc4 Bc5 4. d3 Nf6 5. 0-0 d6 6. c3 a6 7. a4 Ba7 8. Na3 Ne7 9. Re1 Ng6 10. d4 0-0 11. h3 h6 12. Bf1 Re8 13. dxe5 dxe5 14. Qxd8 Rxd8 15. Nc4 Nd7 16. Be3 Bxe3 17. Nxe3 a5 18. Rad1 Rf8 19. Bc4 Nc5 20. Nd5 c6 21. Nb6 Rb8 22. b4 axb4 23. cxb4 Na6 24. Bxa6 bxa6 25. a5 Be6 26. Rd6 Rfd8 27. Red1 Rxd6 28. Rxd6 Kf8 29. Rxc6 Rd8 30. Rc5 Rd1+ 31. Kh2 Rb1 32. Nxe5 Nxe5 33. Rxe5 Rxb4 34. f3 Rb2 35. Rc5 Ra2 36. Nd5 Bxd5 37. Rxd5 Ke7 38. Kg3 g5 39. Rc5 f6 40. Rc7+ Kf8 41. Rc6 Rxa5 42. Rxf6+ Kg7 43. Rb6 Ra2 44. Rc6 a5 45. Ra6 a4 46. Kh2 a3 47. Kg1 Ra1+ 48. Kh2 Ra2 49. h4 Ra1 50. hxg5 hxg5 51. g3 Ra2+ 52. Kh3 Ra1 53. Kg4 a2 54. Kxg5 Rg1 55. Rxa2 Rxg3+ 56. Kf4 Rg1 57. Ra5 Kf6 58. Ra6+ Kf7 59. Kf5 Rb1 60. f4 Ke8 61. e5 Rb7 62. Kf6 1-0

[Event "Swiss Queens Wed #45"]
[Site "FIDE Online Arena INT"]
[Date "2024.12.04"]
[Round "5"]
[White "Francisco Guecamburu, Candela Be"]
[Black "Batsiashvili, Nino"]
[Result "0-1"]
[WhiteElo "2303"]
[BlackElo "2476"]
[PlyCount "74"]
[EventDate "2024.12.04"]
[EventType "swiss (blitz)"]
[EventRounds "11"]
[EventCountry "NET"]
[SourceTitle "CB50_2024"]
[SourceDate "2024.11.01"]
[SourceVersion "1"]
[SourceVersionDate "2024.11.01"]
[SourceQuality "2"]

1. e4 c6 2. d4 d5 3. exd5 cxd5 4. c3 Nf6 5. Bf4 e6 6. Nd2 Bd6 7. Bxd6 Qxd6 8. Ngf3 0-0 9. Bd3 Nc6 10. 0-0 Rb8 11. a4 e5 12. dxe5 Nxe5 13. Nxe5 Qxe5 14. Nf3 Qh5 15. Nd4 Bg4 16. f3 Bd7 17. Qd2 Rfe8 18. Bb5 h6 19. Rfe1 a6 20. Bxd7 Nxd7 21. Qf4 Ne5 22. Qf5 Qxf5 23. Nxf5 Nd3 24. Rxe8+ Rxe8 25. Rd1 Nxb2 26. Rxd5 Nxa4 27. Rd7 b5 28. Nd6 Re6 29. Nxf7 Nxc3 30. Nd6 a5 31. Nf5 a4 32. Rxg7+ Kf8 33. Rc7 b4 34. Nd4 Rb6 35. Nc2 a3 36. Kf2 a2 37. Ra7 b3 0-1

[Event "Swiss Queens Wed #42"]
[Site "FIDE Online Arena INT"]
[Date "2024.11.13"]
[Round "7"]
[White "Arabidze, Meri"]
[Black "Batsiashvili, Nino"]
[Result "1/2-1/2"]
[WhiteElo "2457"]
[BlackElo "2476"]
[PlyCount "86"]
[EventDate "2024.11.13"]
[EventType "swiss (blitz)"]
[EventRounds "11"]
[EventCountry "NET"]
[SourceTitle "CB47_2024"]
[SourceDate "2024.11.20"]
[SourceVersion "1"]
[SourceVersionDate "2024.11.20"]
[SourceQuality "1"]

1. b3 d5 2. Bb2 c5 3. e3 Nc6 4. Bb5 Bd7 5. f4 a6 6. Bxc6 Bxc6 7. Nf3 f6 8. 0-0 e6 9. Nh4 Qd7 10. f5 0-0-0 11. fxe6 Qxe6 12. Qf3 Ne7 13. d4 Ng6 14. Nf5 Qe4 15. Qxe4 dxe4 16. c3 Ne7 17. Nxe7+ Bxe7 18. Nd2 g6 19. c4 cxd4 20. exd4 f5 21. d5 Bc5+ 22. Kh1 Rhf8 23. Bc3 Bd7 24. b4 Be3 25. Rfe1 Bf2 26. Re2 Bh4 27. a4 Be8 28. a5 Be7 29. Nb3 g5 30. Nd4 Bg6 31. Ne6 Rfe8 32. Nxd8 Rxd8 33. Rae1 h5 34. g3 Rd7 35. Kg2 Rd8 36. Bd2 Rd7 37. Kf2 Rd8 38. Kg2 Bf6 39. Rc1 Rd7 40. Rf2 Be7 41. Re2 Bf6 42. Rf2 Be7 43. Re2 Bf6 1/2-1/2

[Event "Swiss Queens Wed #42"]
[Site "FIDE Online Arena INT"]
[Date "2024.11.13"]
[Round "1"]
[White "Batsiashvili, Nino"]
[Black "Bashirli, Saadat"]
[Result "0-1"]
[WhiteElo "2476"]
[BlackElo "1986"]
[PlyCount "80"]
[EventDate "2024.11.13"]
[EventType "swiss (blitz)"]
[EventRounds "11"]
[EventCountry "NET"]
[SourceTitle "CB47_2024"]
[SourceDate "2024.11.20"]
[SourceVersion "1"]
[SourceVersionDate "2024.11.20"]
[SourceQuality "1"]

1. d4 d5 2. c4 e6 3. Nc3 c6 4. e4 dxe4 5. Nxe4 Bb4+ 6. Bd2 Qxd4 7. Bxb4 Qxe4+ 8. Be2 Na6 9. Ba5 Bd7 10. Qd6 Nf6 11. 0-0-0 Qxg2 12. Nf3 Qxf2 13. Rhe1 Qc5 14. Qg3 Qxa5 15. Qxg7 0-0-0 16. Qxf6 Qxa2 17. Qc3 Nc5 18. Ne5 Rhf8 19. Qb4 Qa1+ 20. Kc2 Qa4+ 21. Qxa4 Nxa4 22. Bh5 f6 23. Nxd7 Rxd7 24. b3 Nc5 25. b4 Rxd1 26. Rxd1 Ne4 27. Rg1 f5 28. Rg7 Nf6 29. Bf3 e5 30. Bg2 e4 31. Bh3 Ng4 32. Rxh7 Ne3+ 33. Kc3 Rd8 34. Rf7 Rd3+ 35. Kb2 Nxc4+ 36. Kc2 Nd6 37. Bxf5+ Nxf5 38. Rxf5 Rh3 39. Re5 Rxh2+ 40. Kc3 Re2 0-1

[Event "Swiss Queens Wed #42"]
[Site "FIDE Online Arena INT"]
[Date "2024.11.13"]
[Round "3"]
[White "Batsiashvili, Nino"]
[Black "Bodnaruk, Anastasia"]
[Result "0-1"]
[WhiteElo "2476"]
[BlackElo "2333"]
[PlyCount "118"]
[EventDate "2024.11.13"]
[EventType "swiss (blitz)"]
[EventRounds "11"]
[EventCountry "NET"]
[SourceTitle "CB47_2024"]
[SourceDate "2024.11.20"]
[SourceVersion "1"]
[SourceVersionDate "2024.11.20"]
[SourceQuality "1"]

1. d4 Nf6 2. Bg5 d5 3. e3 g6 4. Nd2 Bg7 5. h4 h5 6. Ngf3 0-0 7. Be2 c5 8. c3 b6 9. Ne5 Nbd7 10. Bf4 Nxe5 11. Bxe5 Ng4 12. Bxg7 Kxg7 13. Bxg4 Bxg4 14. f3 Be6 15. Qe2 Qd7 16. Kf2 f6 17. Rad1 Bf7 18. Nb3 Rac8 19. dxc5 bxc5 20. c4 Qa4 21. cxd5 Qxa2 22. Nc1 Qa4 23. e4 c4 24. Qd2 Rb8 25. Ne2 Qb4 26. Qxb4 Rxb4 27. Rd2 Rfb8 28. Ra1 R8b7 29. Nc3 Rxb2 30. Rxb2 Rxb2+ 31. Ke3 Rxg2 32. Rxa7 Kf8 33. Ne2 g5 34. hxg5 fxg5 35. Nd4 h4 36. Nf5 h3 37. Ra8+ Be8 38. d6 exd6 39. Nxd6 Ke7 40. Rxe8+ Kxd6 41. Rh8 h2 42. Kd4 Rc2 43. Rh6+ Ke7 44. e5 Kf7 45. Kd5 c3 46. e6+ Kg7 47. Rh3 Kf6 48. Rh6+ Kf5 49. e7 Re2 50. Rxh2 Rxe7 51. Rc2 Rc7 52. Kd4 Kf4 53. Rc1 Kxf3 54. Rf1+ Ke2 55. Rg1 c2 56. Rxg5 c1Q 57. Re5+ Kf3 58. Rf5+ Kg4 59. Re5 Qd2+ 0-1